000 00841nas a2200265 4500
001 BR2015000893
003 BR-BrBNA
005 20231205125023.0
007 ta
008 230509b bl.|||p| |||| 00| 00por d
040 _aBR-BrBNA
_bpor
_cBiblioteca Nacional de Agricultura
041 _a(Pt)
072 _aQ03
100 1 _aFernandes, V. de P.T.
100 1 _aFonseca, C.S.
100 1 _aPereira, C.A. dos S.
245 1 _aInfluência da mão-de-obra e dos equipamentos sobre o fator de correção de perdas de hortaliças e frutas
650 _aHORTALIÇA
650 _aFRUTA
650 _aSEGURANÇA ALIMENTAR
650 _aTREINAMENTO
773 0 _tHigiene Alimentar (Brazil)
_xISSN 0101-9171
_g(Jan-Feb 2014), v. 28(228-229) p. 100-104
_wBR2015000893
909 _a202311
_bLúcia
_c55
_dLúcia Elande
942 _2AGRIS
_n0
_cANA
999 _c242171
_d242171